000 00888cab a2200265 4500
001 ABS49438
008 090401t1993 xxu||||| |||| 00| 0 eng d
035 _a(Sirsi) u71250
041 _aeng
100 _aCatt, R.
245 _aKeeping the burglars at bay
260 _c1993
350 _a0
490 _aValuer (ISVA)
_v62(8) October 1993, 6(1)
520 _aSuggests that surveyors and valuers can play an important role in highlighting vulnerable areas in property security and suitable security hardware. Also provides advice on protection for professionals escorting people around empty buildings.
650 _aBURGLAR ALARMS
650 _aDESIGN
650 _aPERSONAL SAFETY
650 _aSECURITY
650 _aTHEFT
690 _aBUILT ENVIRONMENT-BUILDING STANDARDS
690 _aBUILT ENVIRONMENT-BUILDING INSPECTION
942 _n0
948 _c04/03/1997
999 _c44892
_d44892